| 000 | 00745nac a22002291u 4500 | ||
|---|---|---|---|
| 010 | _a67019702 | ||
| 082 | 0 | 0 |
_a535.2 _bW8732 |
| 090 |
_c1759 _d1759 |
||
| 100 | _aWood, Robert Williams, | ||
| 245 | 1 | 0 | _aPhysical optics. |
| 260 |
_aNew York, _bDover Publications _c[1967, c1934] |
||
| 300 |
_axvi, 846 p. _billus. (part col.) _c22 cm. |
||
| 500 | _a"An unabridged republication of the third [rev.] edition, as published ... in 1934." | ||
| 500 | _aDonations | ||
| 500 | _aDonations - Dr. Mostafa Gouda | ||
| 504 | _aBibliographical footnotes. | ||
| 650 | 0 | _aPhysical optics. | |
| 942 |
_cBB _k535.2W8732 _hRDA-MOD |
||
| 999 |
_c1759 _d1759 |
||
| 336 |
_2rdacontent _atext _btxt |
||
| 337 |
_aunmediated _2rdamedia _bn |
||
| 338 |
_avolume _bnc _2rdacarrier |
||